Ah, my! (KHMER) / (Record no. 50368)
| 000 -LEADER | |
|---|---|
| fixed length control field | 00290nam a2200109 4500 |
| 020 ## - INTERNATIONAL STANDARD BOOK NUMBER | |
| International Standard Book Number | 9789924340522 |
| 100 ## - MAIN ENTRY--PERSONAL NAME | |
| Personal name | Zeveren, Michel Van |
| 9 (RLIN) | 87276 |
| 245 ## - TITLE STATEMENT | |
| Title | Ah, my! (KHMER) / |
| Statement of responsibility, etc | Michel Van Zeveren |
| 260 ## - PUBLICATION, DISTRIBUTION, ETC. (IMPRINT) | |
| Place of publication, distribution, etc | Cambodia |
| Name of publisher, distributor, etc | Sipar |
| Date of publication, distribution, etc | 2009 |
| 300 ## - PHYSICAL DESCRIPTION | |
| Extent | unpaged. |
| Other physical details | col. ill. |
| Dimensions | 27 cm. |
| 942 ## - ADDED ENTRY ELEMENTS (KOHA) | |
| Source of classification or shelving scheme | |
| Koha item type | Book |
| Withdrawn status | Lost status | Source of classification or shelving scheme | Damaged status | Not for loan | Collection code | Home library | Current library | Date acquired | Total Checkouts | Full call number | Barcode | Date last seen | Price effective from | Koha item type |
|---|---|---|---|---|---|---|---|---|---|---|---|---|---|---|
| Siem Riep | Asian Hope Primary Library | Asian Hope Primary Library | 04/06/2026 | KHMER E ZEV | 209641 | 04/06/2026 | 04/06/2026 | Book |